Financial bliss : how to grow wealthy together (Record no. 183601)

MARC details
000 -LEADER
fixed length control field 00442nam a2200157Ia 4500
008 - FIXED-LENGTH DATA ELEMENTS--GENERAL INFORMATION
fixed length control field 191130s9999##################000#0#eng##
020 ## - INTERNATIONAL STANDARD BOOK NUMBER
ISBN 978-0273715047
082 ## - DEWEY DECIMAL CLASSIFICATION NUMBER
Classification number 330.16 PEN
245 ## - TITLE STATEMENT
Title Financial bliss : how to grow wealthy together
Statement of responsibility, etc Sarah Pennells
260 ## - PUBLICATION, DISTRIBUTION, ETC. (IMPRINT)
Place of publication Upper Saddle River, NJ
Name of publisher Prentice Hall
300 ## - PHYSICAL DESCRIPTION
Number of Pages 192 p
991 ## -
-- 42105
Holdings
Withdrawn status Lost status Damaged status Not for loan Home library Current library Shelving location Date acquired Full call number Accession Number Price effective from Koha item type
        Anna Centenary Library Anna Centenary Library 4TH FLOOR, A WING 13.10.2020 330.16 PEN 115416 13.10.2020 English Books

Find us on the map